00301nam a2200121Ia 4500008004100000082001800041100001900059245002000078260003200098365000900130630002000139730002000159100415s9999 xx 000 0 und d b12525a591.47 aCurrey John D aAnimal Skeleton aLONDONc1970bEDWARD ARNOLD b38.7 aAnimal Skeleton aAnimal Skeleton